| 000 | 01107nam a2200265 i 4500 | ||
|---|---|---|---|
| 001 | 189794 | ||
| 003 | ES-MaACL | ||
| 005 | 20250817063137.0 | ||
| 008 | 191126s1968 sp |||| | spa d | ||
| 100 | 1 |
_aMeynaud, Jean. _980816 |
|
| 245 | 1 | 3 |
_aLa Europa de los negocios _b: estructura y funcion de los grupos / _cJean Maynaud, Dusan Sidjanski ; [versión de Juan Antonio Mercado, Pilar Llopart]. |
| 260 |
_aBarcelona : _bInstituto de Ciencias Sociales, Diputación Provincial, _c1968. |
||
| 300 |
_aXII 267 p. ; _c24 cm. |
||
| 490 | 1 |
_aColección de ciencias sociales (Instituto de Ciencias Sociales, Barcelona) ; _v7 _9241794 |
|
| 610 | 0 | 4 |
_aComunidad Económica Europea. _93130 |
| 650 |
_aGrupos de presión. _9141650 |
||
| 700 | 1 |
_aSidjan Dusan. _9168893 |
|
| 700 | 1 |
_aMercado, Juan Antonio. _9168894 |
|
| 700 | 0 |
_aLlopart, Pilar. _972821 |
|
| 710 | 0 |
_aInstituto de Ciencias Sociales (Barcelona) _94842 |
|
| 830 | 0 |
_aColección de ciencias sociales (Instituto de Ciencias Sociales, Barcelona) ; _v7 _9241794 |
|
| 852 |
_aES-MaACL _jP-1087-5 |
||
| 942 | _2udc | ||
| 999 |
_c189794 _d189794 |
||